000 00718nam a2200229 a 4500
001 000018728
005 20200929165840.0
008 100514s1999 sp r 000 f spa d
020 _a8408030140
040 _aDO-SdBNP
_bspa
_cBNPHU
082 _a843.914
_bM583m
100 1 _aMessadié, Gérald
_940422
245 1 0 _aMoisés :
_bun príncipe sin corona /
_cGerald Messadié ; traducción Manuel Serrat.
260 _aBarcelona :
_bPlaneta,
_c1999.
300 _a319 p. ;
_c24 cm.
490 1 _aColección Bestseller Mundial
650 4 _aNovela francesa
_91075
650 4 _aLiteratura francesa
_91074
700 1 _aSerrat, Manuel,
_etr.
_940423
830 0 _aColección Bestseller Mundial
_940424
049 _aBNGR
999 _c18248
_d18248